00297nam a2200133Ia 4500008004000000041000800040082001100048100001800059245003200077260001400109650001200123650001300135650001500148210210b1953 xxu||||| |||| 00| 0 eng d aeng a872/99 aSURENDRAN (K) aKalyayum samanya janangalum ab-c1953 asamanya aKalyayum ajanangalum